000 003710000a22001090004500
090 _aAS
_bSeriadas
245 1 0 _aDos especies del género Ophiomyia braschnkov (<Diptera: Agromyzidae>) de santafé de Bogotá (<Cundimarca, Colombia>)
041 0 _aEspañol
100 1 _aSanabria de Arevalo, Isabel
_994164
942 _cARTICULO
773 1 _tCaldasia
_345
_h2
_q283-289
_d1993
_g17
999 _c14881
_d14881